000 00974nam a22002175i 4500
001 153961
003 ES-MaACL
005 20230906205443.0
008 970419s1868 sp |||| | spa d
080 _a821.134.2-31"15"
100 1 _aEspinel, Vicente.
_947851
245 1 0 _aRelaciones de la vida y aventuras del escudero Marcos de Obregón /
_cescritas por el maestro Vicente Espinel ; precedidas de su biografía por J.C. y Ck.
260 _aMadrid :
_b[s.n.],
_c1868 (
_fImp. a cargo de Tomás Alonso)
300 _aXVI, 381 p. ;
_c20 cm.
490 1 _aBiblioteca escogida. Tesoro de autores españoles ;
_v2
700 1 _aCuesta y Ckerner, Juan.
_942070
752 _aEspaña -
_dMadrid
830 1 _aBiblioteca escogida. Tesoro de autores españoles ;
_v2
_9187898
852 4 _aES-MaACL
_jD-1240
_z- Enc. hol., conservando la cub. original
_z- Legado Modesto Lafuente
_z- Banderilla en pie de imp.: Madrid: Carlos Bailly-Baillière
999 _c153961
_d153961